Connecticut Yankee : (Record no. 23624)
[ view plain ]
| 000 -LEADER | |
|---|---|
| fixed length control field | 00845cam a2200253I 4500 |
| 001 - CONTROL NUMBER | |
| control field | 23624 |
| 003 - CONTROL NUMBER IDENTIFIER | |
| rucl marc code | BD-RjUL |
| 005 - DATE AND TIME OF LATEST TRANSACTION | |
| control field | 20211209000942.0 |
| 008 - FIXED-LENGTH DATA ELEMENTS--GENERAL INFORMATION | |
| fixed length control field | 140311s1943 ctuacf 00110aengmc |
| 035 ## - SYSTEM CONTROL NUMBER | |
| System control number | (BD-RjUL)23689 |
| 040 ## - CATALOGING SOURCE | |
| Original cataloging agency | Yale Univ. Library |
| Transcribing agency | CSU |
| Modifying agency | SER |
| -- | m.c. |
| -- | BOS |
| -- | BD-RjUL |
| Language of cataloging | eng |
| 041 ## - LANGUAGE CODE | |
| Language code of text/sound track or separate title | eng |
| 082 ## - DEWEY DECIMAL CLASSIFICATION NUMBER | |
| Classification number | 378.198795097468 |
| Author mark and year | CRC 1943 |
| 090 ## - LOCALLY ASSIGNED LC-TYPE CALL NUMBER (OCLC); LOCAL CALL NUMBER (OCLC) | |
| Classification number (OCLC) (R) ; Classification number, CALL (RLIN) (NR) | F100.C7 |
| Local cutter number (OCLC) ; Book number/undivided call number, CALL (RLIN) | F43 |
| 100 1# - MAIN ENTRY--PERSONAL NAME | |
| Personal name | Cross, Wilbur L. |
| Fuller form of name | (Wilbur Lucius), |
| Dates associated with a name | 1862-1948. |
| 9 (RLIN) | 72707 |
| 245 10 - TITLE STATEMENT | |
| Title | Connecticut Yankee : |
| Remainder of title | an autobiography / |
| Statement of responsibility, etc. | [by] Wilbur L. Cross. |
| 260 ## - PUBLICATION, DISTRIBUTION, ETC. (IMPRINT) | |
| Place of publication, distribution, etc. | New Haven : |
| Name of publisher, distributor, etc. | Yale University Press, |
| Date of publication, distribution, etc. | 1943. |
| 300 ## - PHYSICAL DESCRIPTION | |
| Pagination | viii, 428 p. : |
| Illustrations | front., illus., plates, ports ; |
| Size | 25 cm. |
| 504 ## - BIBLIOGRAPHY, ETC. NOTE | |
| Bibliography, etc | Includes index. |
| 610 20 - SUBJECT ADDED ENTRY--CORPORATE NAME | |
| Corporate name or jurisdiction name as entry element | Yale University. |
| 651 #0 - SUBJECT ADDED ENTRY--GEOGRAPHIC NAME | |
| Geographic name | Connecticut |
| General subdivision | Politics and government |
| Chronological subdivision | 1865-1950. |
| 9 (RLIN) | 72709 |
| 942 ## - ADDED ENTRY ELEMENTS (KOHA) | |
| Source of classification or shelving scheme | Dewey Decimal Classification |
| Koha item type | Books |
| Lost status | Source of classification or shelving scheme | Damaged status | Not for loan | Collection code | Permanent Location | Current Location | Shelving location | Date acquired | Source of acquisition | Total Checkouts | Full call number | Date last seen | Copy number | Koha item type |
|---|---|---|---|---|---|---|---|---|---|---|---|---|---|---|
| Dewey Decimal Classification | Added to bundle | Fiction | Central Library, University of Rajshahi | Central Library, University of Rajshahi | Reading Room | 20/02/1958 | U. S. I. S. | 378.198795097468 CRC 1943 | 11/03/2014 | C-1 | Books |